All of Grant's Battles - Statistics

General Stats
  • This quiz has been taken 9 times
  • The average score is 9 of 28
Answer Stats
Year Battle % Correct
1865 Battle of Appomattox Court House
88%
1863 Siege of Vicksburg
88%
1864 2nd Battle of Petersburg
63%
1865 3rd Battle of Petersburg
63%
1864 Battle of Cold Harbor
63%
1862 Battle of Shiloh
63%
1864 Battle of Spotsylvania
50%
1864 Battle of the Wilderness
50%
1862 Battle of Fort Donelson
38%
1862 Battle of Fort Henry
38%
1862 Siege of Corinth
38%
1863 Battle of Champion Hill
25%
1847 Battle of Chapultepec
25%
1863 Battle of Missionary Ridge
25%
1864 Battle of North Anna
25%
1864 2nd Battle of Deep Bottom
13%
1861 Battle of Belmont
13%
1864 Battle of Boydton Plank Road
13%
1864 Battle of Chaffin's Farm
13%
1864 Battle of Darbytown and New Market Roads
13%
1863 Battle of Jackson
13%
1847 Battle of Molino del Rey
13%
1846 Battle of Monterrey
13%
1846 Battle of Palo Alto
13%
1863 Battle of Port Gibson
13%
1846 Battle of Resaca de la Palma
13%
1864 Battle of Totopotomoy Creek
13%
1865 Battle of Trent's Reach
13%
No matching quizzes found
Score Distribution
Percent of People with Each Score
Percentile by Number Answered
Your Score History
You have not taken this quiz